Statistiken für Französische Verben

Klicken Sie hier um das Quiz zu spielen!

Allgemein

  • Dieses Quiz wurde 1,490 mal gespielt
  • Das Durchschnittsergebnis liegt bei 22 aus 27

Antwortstatistiken

Französisch Deutsch % Korrekt
allergehen
96%
parlersprechen
95%
dansertanzen
95%
mangeressen
95%
voyagerreisen
94%
aimermögen
93%
dormirschlafen
92%
êtresein
91%
cuisinerkochen
90%
vivreleben
90%
écrireschreiben
89%
chantersingen
89%
boiretrinken
88%
jouerspielen
87%
avoirhaben
87%
lirelesen
86%
voirsehen
85%
diresagen
83%
travaillerarbeiten
81%
vouloirwollen
80%
fumerrauchen
78%
savoirwissen
70%
sortirverlassen
59%
nagerschwimmen
57%
vendreverkaufen
56%
courirrennen
49%
compterzählen
47%

Verteilung der Resultate

Perzentil nach korrekt beantworteten Fragen

Anzahl Personen mit jedem Resultat

Ihre Resultats-Entwicklung

Sie haben dieses Quiz noch nicht gespielt